• 首页
  • 本馆介绍
  • 公告通知
  • 最新文献
  • 馆藏检索
  • 电子资源
  • 读者导购
  • 参考咨询
  • 我的图书馆
  • 登录
  • 详细信息显示
  • 放入我的书架
  • 预约/预借图书
  • 作者相关作品
  • 分类相关作品
  • 丛书相关作品
  • 出版社相关作品

书目信息

  • 表格格式
  • 工作单格式
  • 卡片格式
题名:
医学奇闻 100 例
    
 
作者: 荷尔德 , 法皮埃里克·荷尔德 著 ;奚志敏 , 丁雪英 译
分册:  
出版信息: 广州   花城出版社  2002
页数: 282页
开本: 20cm
丛书名:
单 册:
中图分类: R442.9
科图分类:
主题词: 奇病--普及读物
电子资源:
ISBN: 7-5360-3646-9
000 01166nam0 2200337 450
000 01131nam0 2200325 450
000 01094nam0 2200313 450
000 00980nam0 2200301 450
000 00943nam0 2200289 450
000 00876nam0 2200265 450
001 0104000022
005 20061027150102.33
010    @a7-5360-3646-9@dCNY15.00
100    @a20050927d2002 ekmy0chiy0110 ea
101 1  @achi@cfre
102    @aCN@b440000
105    @ay z 000yy
200 1  @a医学奇闻 100 例@Ayi xue qi wen 100 li@f[法]皮埃里克·荷尔德著@F[fa]pi ai li ke·he er de zhu@g丁雪英, 奚志敏译
210    @a广州@c花城出版社@d2002
215    @a282页@d20cm
330    @a本书首先介绍了多乳症,接着介绍了石女怀胎、做爱失忆症、胖子明星、有鱼腥味的人、小号手等内容。
606 0  @a奇病@j普及读物
690    @aR442.9@v4
701  1 @a荷尔德@9he er de@b皮埃里克@4著
701  0 @a法皮埃里克·荷尔德@Afa pi ai li ke·he er de@4著
702  0 @a奚志敏@9xi zhi min@4译
702  0 @a丁雪英@9ding xue ying@4译
801  0 @aCN@b北京荣雅伟业图书经销中心@c20061027
905    @aBZT@dR442.9@e2
906    @dCNY15.00@n0@r1
    
    医学奇闻 100 例/[法]皮埃里克·荷尔德著/丁雪英, 奚志敏译.-广州:花城出版社,2002
    282页;20cm
    
    
    ISBN 7-5360-3646-9:CNY15.00
    本书首先介绍了多乳症,接着介绍了石女怀胎、做爱失忆症、胖子明星、有鱼腥味的人、小号手等内容。
●
相关链接 在五车中查询图书 在当当中查询图书 在豆瓣中查询图书


正题名:医学奇闻 100 例     索取号:R442.9/2         预约/预借

序号 登录号 条形码 馆藏地/架位号 状态 备注
1 512506   230090823   中心书库中库/ 中库007架B面4列6层21/ [索取号:R442.9/2] 在馆    
2 512507   230090825   中心书库中库/ 中库007架B面4列6层23/ [索取号:R442.9/2] 在馆    
3 512508   230090827   中心书库中库/ 中库007架B面4列6层22/ [索取号:R442.9/2] 在馆    
4 512509   230090829   中心书库中库/ 中库007架B面4列6层19/ [索取号:R442.9/2] 在馆    
5 512510   230090831   中心书库中库/ 中库007架B面4列6层20/ [索取号:R442.9/2] 在馆    
山东省滨州职业学院图书馆 欢迎您!
大连网信软件有限公司© 版权所有